| 000 | 00948nam a2200277Ia 4500 | ||
|---|---|---|---|
| 001 | Para_825 | ||
| 003 | CHAP | ||
| 008 | 220125s1992 xx 000 0 und d | ||
| 010 | _a198723 | ||
| 040 | _cCHAP | ||
| 090 | _aPA TESIS 797 | ||
| 100 |
_aArredondo Bernal, Hugo Cesar _97396 |
||
| 245 |
_aEnemigos naturales y respuesta de Macrodactylus spp. (Coleoptera : _b Scarabaeidae) a atrayentes alimentarios en Tlaxcala y Jalisco, México / _c por Hugo Cesar Arredondo Bernal |
||
| 260 |
_aMontecillo, Méx. : _b El autor |
||
| 300 | _a65 h. | ||
| 502 | _aTesis (M.C. Esp. en Entomología) CP Centro de Entomología y Acarología | ||
| 650 |
_aControl biológico de plagas _927587 |
||
| 710 |
_aCP Centro de Entomología y Acarología _9164012 |
||
| 901 | _aPA TESIS 797 | ||
| 902 | _aA | ||
| 905 | _a0000001992 0000000000 00 | ||
| 910 | _a1992 | ||
| 942 | _cPARA | ||
| 942 |
_cPARA _d1 |
||
| 999 |
_c198723 _d198723 |
||